000 00884nam a2200241 a 4500
001 55194
003 BD-RjUL
005 20211209080229.0
008 161115s1969 ii ||||| |||| 00| 0 ben d
020 _c: IRs 8.75
035 _a(BD-RjUL)55316
040 _aBD-RjUL
_bben
_cBD-RjUL
041 _aben
082 _223
_a891.441
_bBAK 1969
100 _aবড়াল, অক্ষয়কুমার
_9124062
245 1 0 _aকাব্যচয়নিকা /
_cঅক্ষয়কুমার বড়াল
260 _aকলিকাতা :
_bআলফা পাবলিশিং ,
_c১৯৬৯
300 _a১০৪ পৃ. ;
_c২১ সেমি .
650 _aবাংলা কবিতা
_9164453
650 _aBengali Poetry
_9164454
700 _aদত্ত, শিবশঙ্কর, সম্পাদক
_9164455
942 _2ddc
_cBK
999 _c55194
_d55194